|
|
|
|
| LEADER |
00752nam a22002297a 4500 |
| 001 |
4538 |
| 003 |
BD-DhAAL |
| 005 |
20150124104311.0 |
| 008 |
150124s2007 enka|||| |||| 000 0 eng d |
| 020 |
|
|
|a 0340856122
|
| 040 |
|
|
|a BD-DhAAL
|c BD-DhAAL
|
| 082 |
|
|
|2 21
|a 657/.3
|
| 100 |
|
|
|a Mason, Roger
|9 7410
|
| 245 |
|
|
|a Analysing financial statements in a week /
|c Roger Mason
|
| 260 |
|
|
|a London :
|b Hodder & Stoughton,
|c 2007
|
| 300 |
|
|
|a 95 p. :
|b ill. ;
|c 20 cm.
|
| 541 |
|
|
|e 4538
|
| 650 |
|
|
|a Financial statements
|9 7411
|
| 852 |
|
|
|a Savar Campus
|c General Stacks
|
| 942 |
|
|
|2 ddc
|c BK
|
| 999 |
|
|
|c 33490
|d 33490
|
| 952 |
|
|
|0 0
|1 0
|2 ddc
|4 0
|6 657_300000000000000_MAS
|7 0
|9 50318
|a SCL
|b SCL
|c GEN
|d 2015-01-24
|g 185.00
|l 0
|o 657.3 MAS
|p 3020004538
|r 2015-01-24
|t 1
|w 2015-01-24
|y BK
|